200 Most Common Literature in Quiz Bowl - Statistics

General Stats
  • This quiz has been taken 262 times
  • The average score is 98 of 200
Answer Stats
Hint Answer % Correct
Much Ado about Nothing | A Midsummer Night's Dream | As You Like it | +11 others William Shakespeare
99%
The Iliad | The Odyssey Homer
92%
A Christmas Carol | A Tale of Two Cities | David Copperfield | +3 others Charles Dickens
84%
Harry Potter (Series) J. K. Rowling
84%
1984 | Animal Farm George Orwell
83%
Frankenstein Mary Shelley
83%
The Raven | The Tell-Tale Heart Edgar Allan Poe
79%
Pride and Prejudice | Sense and Sensibility Jane Austen
79%
Jane Eyre Charlotte Bronte
77%
Anna Karenina | The Death of Ivan Ilyich | War and Peace Leo Tolstoy
77%
The Adventures of Tom Sawyer Mark Twain
77%
Wuthering Heights Emily Bronte
76%
The Great Gatsby Francis Scott Fitzgerald
75%
Billy Budd: Foretopman | Moby-Dick Herman Melville
74%
To Kill a Mockingbird Harper Lee
72%
Les Miserables | The Hunchback of Notre Dame Victor Hugo
71%
Inferno | The Divine Comedy Dante Alighieri
69%
A Farewell to Arms | For Whom the Bell Tolls | The Old Man and the Sea | The Sun Also Rises Ernest Hemingway
68%
East of Eden | Of Mice and Men | The Grapes of Wrath John Steinbeck
68%
Crime and Punishment | The Brothers Karamazov Fyodor Dostoyevsky
67%
Mein Kampf Adolf Hitler
66%
The Importance of Being Earnest | The Picture of Dorian Gray Oscar Wilde
66%
The Chronicles of Narnia C. S. Lewis
62%
The Dead | Ulysses James Joyce
62%
Don Quixote Miguel de Cervantes
62%
Alice's Adventures in Wonderland Lewis Carroll
61%
The Count of Monte Cristo | The Three Musketeers Alexandre Dumas
60%
All Summer in a Day | Fahrenheit 451 Ray Bradbury
60%
The Jungle Book Rudyard Kipling
60%
A Streetcar Named Desire | Cat on a Hot Tin Roof | The Glass Menagerie Tennessee Williams
60%
Death on the Nile | Murder on the Orient Express Agatha Christie
59%
20,000 Leagues Under the Sea | Around the World in 80 Days Jules Verne
59%
The Metamorphosis Franz Kafka
58%
The Catcher in the Rye J. D. Salinger
58%
The Diary of a Young Girl Anne Frank
57%
Lord of the Rings | The Hobbit J. R. R. Tolkein
56%
Little Women Louisa May Alcott
56%
The Canterbury Tales Geoffrey Chaucer
55%
The Call of the Wild | White Fang Jack London
55%
Main Street Sinclair Lewis
55%
Antigone | Oedipus Rex Sophocles
55%
Dracula Bram Stoker
54%
The Adventures of Huckleberry Finn Mark Twain
54%
The House of the Seven Gables | The Scarlett Letter Nathaniel Hawthorne
54%
Hansel and Gretel Brothers Grimm
53%
Brave New World Aldous Huxley
52%
Death of a Salesman | The Crucible Arthur Miller
52%
Robinson Crusoe Daniel Defoe
52%
The Hunger Games Suzanne Collins
52%
To the Lighthouse Virginia Woolf
52%
Paradise Lost John Milton
51%
Slaughterhouse Five Kurt Vonnegut
51%
The Art of War Sun Tzu
51%
Candide Voltaire
51%
The War of the Worlds H. G. Wells
50%
Lolita Vladimir Nabokov
50%
One Hundred Years of Solitude Gabriel Garcia Marquez
49%
Heart of Darkness Joseph Conrad
49%
Gulliver's Travels Jonathan Swift
48%
Aeneid Virgil
47%
The Snow Queen | The Ugly Duckling Hans Christian Andersen
46%
The Fault in our Stars John Green
45%
Treasure Island Robert Stevenson
45%
The Waste Land T. S. Eliot
45%
Uncle Tom's Cabin Harriet Beecher Stowe
44%
Beloved Toni Morrison
44%
The Road Not Taken Robert Frost
43%
The Stranger Albert Camus
42%
Faust Johann Wolfgang von Goethe
41%
A Series of Unfortunate Events Lemony Snicket
41%
Absalom, Absalom! | The Sound and the Fury William Faulkner
41%
Lord of the Flies William Golding
41%
A Doll's House Henrik Ibsen
39%
Catch-22 Joseph Heller
39%
Because I could not stop for Death Emily Dickinson
38%
Pygmalion George Bernard Shaw
38%
Rip van Winkle | The Legend of Sleepy Hollow Washington Irving
38%
The Color Purple Alice Walker
37%
Foundation | I, Robot Isaac Asimov
36%
Tess of the d'Urbervilles Thomas Hardy
36%
Things Fall Apart Chinua Achebe
35%
Gone With the Wind Margaret Mitchell
35%
The Prince Niccolo Machiavelli
35%
Leaves of Grass Walt Whitman
35%
Call of Cthulhu H. P. Lovecraft
34%
Invisible Man Ralph Ellison
33%
The Turn of the Screw Henry James
32%
The Communist Manifesto Karl Marx, Friedrich Engels
32%
Ivanhoe Sir Walter Scott
32%
Vanity Fair William Thackeray
32%
Waiting for Godot Samuel Beckett
31%
The Bet | The Cherry Orchard | The Three Sisters Anton Chekhov
30%
The Giver Lois Lowry
30%
Anne of Green Gables Lucy Maud Montgomery
30%
The Charge of the Light Brigade | The Lady of Shalott Alfred Tennyson
29%
Lyrical Ballads William Wordsworth, Samuel Taylor Coleridge
29%
The Red Badge of Courage Stephen Crane
28%
Utopia Thomas More
28%
The Little Prince Antione de Saint-Exupery
26%
Siddhartha Hermann Hesse
26%
The Rime of the Ancient Mariner Samuel Taylor Coleridge
26%
The Lottery Shirley Jackson
26%
The Jungle Upton Sinclair
26%
Are You There God? It's Me, Margaret Judy Blume
25%
The Outsiders S. E. Hinton
25%
The Magic Mountain Thomas Mann
25%
The Last of the Mohicans James Fenimore Cooper
24%
Our Town Thornton Wilder
24%
The Tyger William Blake
24%
Go Tell It on the Mountain James Baldwin
23%
The Gift of the Magi O. Henry
22%
The Boy who Cried Wolf Aesop
21%
All Quiet on the Western Front Erich Maria Remarque
21%
Watership Down Richard Adams
21%
Decameron Giovanni Boccaccio
20%
Pilgrim's Progress John Bunyan
20%
Their Eyes Were Watching God Zora Neale Hurston
20%
The Scarlet Ibis James Hurst
19%
Wind in the Willows Kenneth Grahame
19%
Harlem Langston Hughes
19%
Eugene Onegin Alexander Pushkin
18%
Who's Afraid of Virginia Woolf? Edward Albee
18%
Divergent Veronica Roth
18%
Ender's Game Orson Scott Card
17%
The Necklace Guy de Maupassant
16%
Holes Louis Sachar
16%
A Wrinkle in Time Madeline L'Engle
16%
The Rape of the Lock Alexander Pope
15%
Lysistrata Aristophanes
14%
Long Day's Journey Into Night Eugene O'Neill
14%
A Raisin in the Sun Lorraine Hansberry
13%
Native Son Richard Wright
12%
All the King's Men Robert Warren
12%
The Jew of Malta Christopher Marlowe
11%
Labyrinths Jorge Luis Borges
11%
Where the Wild Things Are Maurice Sendak
11%
Tale of Genji Murasaki Shikibu
9%
The Polar Express Chris Van Allsburg
6%
The Phantom Tollbooth Norton Juster
6%
The Mysterious Benedict Society Trenton Lee Stewart
5%
Where the Red Fern Grows Wilson Rawls
5%
My Antonia Emily Hutchinson
4%
The Monkey's Paw W. W. Jacobs
4%
Mr. Popper's Penguins Richard Atwater
3%
Across Five Aprils Irene Hunt
2%
The Chocolate War Robert Cormier
2%
A Long Way from Chicago Richard Peck
1%
No matching quizzes found
Score Distribution
Percent of People with Each Score
Percentile by Number Answered
Your Score History
You have not taken this quiz